Happy Gilmore Trivia - Statistics

General Stats
  • This quiz has been taken 182 times
  • The average score is 5 of 11
Answer Stats
Hint Answer % Correct
What sport did Happy originally play? Hockey
100%
Who plays Happy Gilmore? Adam Sandler
73%
What animal ate Chubbs hand? Alligator
70%
Who was Happy's arch rival Shooter Mcgavin
66%
What color was the jacket that happy won? Gold
64%
What celebrity did Happy play golf with? Bob Barker
43%
Who was happy's love interst? Virginia Venit
14%
What tournament did Happy play in to earn a spot on the tour Waterbury Open
14%
What was the name of the guy that hit happy with the car? Donald
9%
Who was happy's coach Chubb Peterson
7%
Why did Happy switch to golf to save his Grandmas home
3%
No matching quizzes found
Score Distribution
Percent of People with Each Score
Percentile by Number Answered
Your Score History
You have not taken this quiz